Language Quiz

Random Language or Animal Quiz

Find the Spanish Animals Quiz Stats

 Plays Quiz Updated Aug 12, 2017

Support Sporcle.
Go Orange.
Score 0/21 Timer 05:00
2 Plays Today
% Correct
Oso polar
93.8%
Pingüino
93.2%
León
92.7%
Tortuga
90.8%
Serpiente
90.7%
Gato
88.4%
Pollo
87.8%
Perro
82%
Caballo
79.7%
Vaca
76.3%
Mariposa
68.4%
% Correct
Mono
67.4%
Pez de colores
65.4%
Tiburón
64.6%
Pato
62.7%
Conejo
62.7%
Escarabajo
57.3%
Cangrejo
50.3%
Murciélago
49.1%
Loro
49%
Ardilla
48.1%

You're not logged in!

Compare scores with friends on all Sporcle quizzes.
OR
Log In
Forgot?

From the Vault

US Athletes by Text Message

by bhenderson79

BRB, gotta go dunk, LOL. :)
Remove Ads.
Support Sporcle.
Get the best of Sporcle when you Go Orange. This ad-free experience offers more features, more stats, and more fun while also helping to support Sporcle. Thank you for becoming a member.

Show Comments

Extras

Top Quizzes Today


Score Distribution

Your Account Isn't Verified!

In order to create a playlist on Sporcle, you need to verify the email address you used during registration. Go to your Sporcle Settings to finish the process.

Report this User

Report this user for behavior that violates our Community Guidelines.

Details: